|
|
|
|
| LEADER |
00000nam a2200000 a 4500 |
| 001 |
vtls001468924 |
| 003 |
SK-MaSNL |
| 005 |
20260302052608.0 |
| 008 |
240314s2004 xo a g slo |
| 015 |
|
|
|a SNBA2004/04-01202
|
| 020 |
|
|
|a 8022813001
|
| 035 |
|
|
|a SNK000424229
|
| 035 |
|
|
|a urn:nbn:sk:snk-amyfa0
|
| 035 |
|
|
|a urn:nbn:sk:snk-am00cfa2
|
| 035 |
|
|
|a ADA2995A-2AB3-4926-A3B9-19E0E979D16E
|
| 040 |
|
|
|a SNK
|b slo
|c SNK
|e AACR2
|
| 041 |
0 |
|
|a slo
|
| 044 |
|
|
|a xo
|c SK
|
| 072 |
|
7 |
|a 674
|x Drevo. Drevársky priemysel
|2 konspekt
|
| 080 |
|
|
|a 674.048.3/.4
|2 1981
|
| 080 |
|
|
|a 624.011.1
|2 1981
|
| 080 |
|
|
|a 632.4/.7
|2 1981
|
| 080 |
|
|
|a 632.4
|2 1981
|
| 080 |
|
|
|a 632.768
|2 1981
|
| 080 |
|
|
|a (075.8)
|2 1981
|
| 080 |
|
|
|a (076.5)
|2 1981
|
| 100 |
1 |
|
|a Reinprecht, Ladislav,
|d 1953-
|4 aut
|9 100308
|
| 245 |
1 |
0 |
|a Ochrana dreva a kompozitov. Návody na cvičenia
|c Ladislav Reinprecht
|
| 250 |
|
|
|a 2. vyd.
|
| 260 |
|
|
|a Vo Zvolene
|b Technická univerzita
|c 2004
|
| 300 |
|
|
|a 119 s.
|b ilustr.
|c 29 cm
|
| 500 |
|
|
|a Cudzojazyčný slovník odb. výrazov
|
| 500 |
|
|
|a 100 výt.
|
| 504 |
|
|
|a Bibliogr. s. 116
|
| 650 |
0 |
7 |
|a ochrana dreva
|2 SNKPH
|9 27986
|
| 650 |
0 |
7 |
|a drevené konštrukcie
|2 SNKPH
|9 3694
|
| 650 |
0 |
7 |
|a škodcovia dreva
|2 SNKPH
|9 55583
|
| 650 |
0 |
7 |
|a drevokazné huby
|2 SNKPH
|9 27989
|
| 650 |
0 |
7 |
|a drevokazný hmyz
|2 SNKPH
|9 68908
|
| 655 |
|
7 |
|a učebnice vysokých škôl
|2 SNKPH
|9 70191
|
| 655 |
|
7 |
|a praktické cvičenia
|2 SNKPH
|9 70517
|
| 752 |
|
|
|a Slovensko
|d Zvolen
|
| 919 |
|
|
|a 80-228-1300-1
|
| 968 |
|
|
|d 66/67
|
| 999 |
|
|
|c 1105849
|d 1107779
|
| 952 |
|
|
|t P60, <03>, [BOOK], {603}
|a SNK
|b SNK
|y PREZ
|7 0
|p 17A0415596
|o snkSB 68079
|i snkKSP 2518/2004
|0 0
|1 0
|4 0
|d 2004-02-19
|f 1
|l 0
|r 2025-04-16 00:00:00
|w 2026-02-24
|
| 952 |
|
|
|t P60, <04>, [BOOK], {604}
|a SNK
|b SNK
|y VYP
|7 0
|p 17A0415595
|o snkSB 68079 D1
|i snkKSP 2519/2004
|0 0
|1 0
|4 0
|d 2004-02-19
|l 0
|r 2005-01-02 00:00:00
|w 2026-02-24
|